Azərbaycanlıların ən çox səyahət etdiyi ölkələr - Statistics

General Stats
  • This quiz has been taken 20 times
  • The average score is 10 of 20
Answer Stats
Səfər sayı Ölkə % Correct
458,138 Türkiyə
100%
128,711 İran
94%
401,073 Rusiya
94%
19,174 Almaniya
88%
168,399 Gürcüstan
88%
49,410 Qazaxıstan
63%
5,542 Çin
56%
17,475 Türkmənistan
56%
12,498 İtaliya
50%
78,856 Birləşmiş Ərəb Əmirlikləri
44%
12,123 Özbəkistan
44%
12,858 Misir
38%
8,623 Belarus
31%
19,573 Macarıstan
25%
15,315 Polşa
25%
10,654 Birləşmiş Krallıq
19%
12,524 Qətər
19%
19,865 Səudiyyə Ərəbistanı
19%
5,662 Çexiya
13%
15,705 İraq
13%
No matching quizzes found
Score Distribution
Percent of People with Each Score
Percentile by Number Answered
Your Score History
You have not taken this quiz